000 00352nam a2200133 a 4500
005 20140414131905.0
008 100902s19uu xx 00 eng d
050 _aFIC
_bK28 2004
100 _aKelly, Jamie
245 _aLet's pretend this never happened.
260 _aNew York :
_bScholastic ,
_c2004.
440 _aDear Dumb Diary
999 _c110883
_d110883